|
|
|
|
| LEADER |
00929nam a2200265 a 4500 |
| 001 |
13787497 |
| 008 |
090616s2005 mau 000 0 eng d |
| 010 |
|
|
|a 2004116792
|
| 020 |
|
|
|a 0750663197
|
| 040 |
|
|
|a DLC
|c DLC
|
| 082 |
0 |
0 |
|a 658.5
|2 22
|
| 100 |
1 |
|
|a Brown, Steve,
|d 1957-
|
| 245 |
0 |
0 |
|a Strategic operations management /
|c Steve Brown... [et al.].
|
| 260 |
|
|
|a Oxford :
|b Butterworth-Heinemann,
|c 2005.
|
| 300 |
|
|
|a 420 p. :
|b ill. ;
|c 25 cm.
|
| 504 |
|
|
|a Includes bibliographical references and index.
|
| 541 |
1 |
|
|e 00015560
|
| 650 |
|
0 |
|a Production management.
|
| 650 |
|
0 |
|a Strategic planning.
|
| 700 |
1 |
|
|a Lamming, Richard
|
| 700 |
1 |
|
|a Bessant, John
|
| 700 |
1 |
|
|a Jones, Peter
|
| 852 |
4 |
|
|a Ayesha Abed Library
|j General Shelf.
|
| 999 |
|
|
|c 1717
|d 1717
|
| 952 |
|
|
|0 0
|1 0
|2 ddc
|4 0
|6 658_500000000000000_BRO
|7 0
|9 1573
|a BRACUL
|b BRACUL
|c GEN
|d 2009-06-28
|l 1
|m 3
|o 658.5 BRO
|p 3010015560
|r 2018-02-14
|s 2018-01-25
|t 1
|w 2009-06-28
|y BK
|